| Tag |
First Indicator |
Second Indicator |
Subfields |
| LEADER |
00000cam a2200000 a 4500 |
| 001 |
in00001461525 |
| 007 |
he bmb024bbca |
| 008 |
990309s1998 dcu bb f000 0 eng c |
| 005 |
20230331145713.6 |
| 035 |
|
|
|a (OCoLC)ocm40929257
|
| 035 |
|
|
|9 AJF0571AM
|
| 035 |
|
|
|a in00001461525
|
| 037 |
|
|
|a 160297
|b GAO (202) 512-6000 (Voice); (301) 258-4066 (Fax)
|f paper copy
|
| 040 |
|
|
|a GPO
|c GPO
|d DLC
|d MvI
|d UtOrBLW
|
| 042 |
|
|
|a pcc
|
| 043 |
|
|
|a n-us---
|
| 049 |
|
|
|a UMIC
|
| 049 |
|
|
|a WWW
|
| 074 |
|
|
|a 0546-D-01 (MF)
|
| 074 |
|
|
|a 0546-D-01 (online)
|
| 086 |
0 |
|
|a GA 1.5/2:T-NSIAD-98-164
|
| 100 |
1 |
|
|a Davis, Richard,
|d 1942-
|
| 245 |
1 |
0 |
|a Combating terrorism :
|b observations on crosscutting issues : statement of Richard Davis, Director, National Security Analysis, National Security and International Affairs Division, before the Subcommittee on National Security, International Affairs and Criminal Justice, Committee on Government Reform and Oversight, House of Representatives /
|c United States General Accounting Office.
|
| 246 |
3 |
0 |
|a Observations on crosscutting issues
|
| 264 |
|
1 |
|a Washington, D.C. (P.O. Box 37050, Washington, D.C. 20013) :
|b The Office,
|c [1998]
|
| 300 |
|
|
|a 8 pages, 2 unnumbered pages ;
|c 28 cm.
|
| 336 |
|
|
|a text
|b txt
|2 rdacontent
|
| 337 |
|
|
|a microform
|b h
|2 rdamedia
|
| 338 |
|
|
|a microfiche
|b he
|2 rdacarrier
|
| 490 |
1 |
|
|a Testimony ;
|v GAO/T-NSIAD-98-164
|
| 500 |
|
|
|a Shipping list number: 99-0258-M.
|
| 500 |
|
|
|a "For release ... April 23, 1998."
|
| 500 |
|
|
|a "April 23, 1998."
|
| 504 |
|
|
|a Includes bibliographical references.
|
| 533 |
|
|
|a Microfiche.
|b [Washington, D.C.] :
|c U.S. General Accounting Office,
|d [1998?]
|e 1 microfiche : negative.
|
| 530 |
|
|
|a Also available via Internet from the GPO Access web site. Address as of 12/14/01: http://frwebgate.access.gpo.gov/cgi-bin/getdoc.cgi?dbname=gao&docid=f:ns98164t.pdf; current access is available via PURL.
|
| 500 |
|
|
|a Microform.
|
| 650 |
|
0 |
|a Terrorism
|x Government policy
|z United States.
|
| 650 |
|
0 |
|a Terrorism
|x Prevention.
|
| 650 |
|
0 |
|a National security
|z United States.
|
| 710 |
1 |
|
|a United States.
|b General Accounting Office.
|
| 830 |
|
0 |
|a Testimony ;
|v GAO/T-NSIAD-98-164.
|
| 856 |
4 |
1 |
|u https://purl.fdlp.gov/GPO/LPS16362
|z Adobe Acrobat Reader required
|t 0
|
| 999 |
|
|
|a MARS
|
| 999 |
f |
f |
|i abbb7fc1-4b83-36bf-b745-c30187b67666
|s e4e93ddb-ee85-36f7-a97d-757e0b5c954f
|t 0
|
| 952 |
f |
f |
|p normal
|a Texas A&M University
|b College Station
|c Sterling C. Evans Library
|d Evans: US Documents Microfiche (3rd floor)
|t 0
|e GA 1.5/2:T-NSIAD-98-164
|h Superintendent of Documents classification
|i microform -- microfiche
|m A14824461437
|
| 952 |
f |
f |
|a Texas A&M University
|b College Station
|c Electronic Resources
|d Available Online
|t 0
|e GA 1.5/2:T-NSIAD-98-164
|h Superintendent of Documents classification
|
| 998 |
f |
f |
|a GA 1.5/2:T-NSIAD-98-164
|t 0
|l Available Online
|
| 998 |
f |
f |
|a GA 1.5/2:T-NSIAD-98-164
|t 0
|l Evans: US Documents Microfiche (3rd floor)
|